Digitalizácia a optimalizácia logistického procesu v prostredí Plant Simulation
Guardado en:
| Autor principal: | |
|---|---|
| Otros Autores: | |
| Formato: | Manuscrito Libro |
| Lenguaje: | eslovaco |
| Publicado: |
2025
|
| Materias: | |
| Acceso en línea: | http://is.stuba.sk/zp/portal_zp.pl?podrobnosti=184457 |
| Etiquetas: |
Sin Etiquetas, Sea el primero en etiquetar este registro!
|
MARC
| LEADER | 00000ntm a22000003a 4500 | ||
|---|---|---|---|
| 001 | stuzp103935 | ||
| 003 | SK-STU | ||
| 005 | 20250614212418.3 | ||
| 007 | ta | ||
| 008 | 150427s2015----xo-----f-mn---000-0-slo-d | ||
| 040 | |a STU |b slo | ||
| 041 | 0 | |a slo | |
| 100 | 1 | |a Kelemen, Ádám |u 030400 |4 aut |U FEI Fakulta elektrotechniky a informatiky |T FEI Ústav automobilovej mechatroniky |X 104250 |U E400 |Y 642 |7 104250 | |
| 242 | 0 | 1 | |a Digitization and optimization of the logistics process in Plant Simulation environment |y eng |
| 245 | 1 | 0 | |a Digitalizácia a optimalizácia logistického procesu v prostredí Plant Simulation |
| 260 | |c 2025 | ||
| 650 | 4 | |a efficiency |2 eng | |
| 650 | 4 | |a simulation model |2 eng | |
| 650 | 4 | |a logistics process |2 eng | |
| 650 | 4 | |a optimalization |2 eng | |
| 650 | 4 | |a Tecnomatix Plant Simulation |2 eng | |
| 650 | 4 | |a efektivita |2 slo | |
| 650 | 4 | |a simulačný model |2 slo | |
| 650 | 4 | |a logistický proces |2 slo | |
| 650 | 4 | |a optimalizácia |2 slo | |
| 650 | 4 | |a Tecnomatix Plant Simulation |2 slo | |
| 700 | 1 | |a Cigánek, Ján |u 030400 |k Z1 |4 ths |U FEI Fakulta elektrotechniky a informatiky |T FEI Ústav automobilovej mechatroniky |X 10327 |U E400 |Y 642 |7 10327 | |
| 856 | 4 | |u http://is.stuba.sk/zp/portal_zp.pl?podrobnosti=184457 | |